Statistiques concernant Les plus grandes villes de France commencent par A

Cliquez ici pour prendre le quiz!

Statistiques générales

  • Ce quiz a été pris 256 fois
  • Le résultat moyen est 14 sur 25

Statistiques - réponses

Département Population Ville % Correct
Maine-et-Loire151 520Angers
91%
Corse-du-Sud68 462Ajaccio
91%
Somme132 874Amiens
91%
Haute-Savoie125 649Annecy
87%
Vaucluse92 130Avignon
83%
Bouches-du-Rhône142 668Aix-en-Provence
79%
Pas-de-Calais40 721Arras
75%
Yonne34 538Auxerre
73%
Tarn49 453Albi
70%
Bouches-du-Rhône52 882Arles
70%
Lot-et-Garonne33 988Agen
65%
Gard39 535Alès
63%
Charente42 081Angoulême
63%
Alpes-Maritimes74 875Antibes
61%
Val-d'Oise110 388Argenteuil
51%
Seine-Saint-Denis83 782Aubervilliers
50%
Hauts-de-Seine86 512Asnières-sur-Seine
43%
Hauts-de-Seine61 711 Antony
38%
Bouches-du-Rhône45 410 Aubagne
37%
Haute-Savoie35 234 Annemasse
37%
Seine-Saint-Denis83 569Aulnay-sous-Bois
34%
Pyrénées-Atlantiques38 724Anglet
32%
Savoie29 822Aix-les-Bains
31%
Val-de-Marne44 412 Alfortville
23%
Essonne32 792Athis-Mons
12%

Distribution des résultats

Percentile par nombre de réponses

% des personnes avec chaque résultat

Votre développement - résultats

Vous n’avez pas pris ce quiz